logo

Bir Sreshtho Munshi Abdur Rouf Library
Jhenaidah Cadet College

The New Clarendon Shakespeare Henry V / (Record no. 6466)

MARC details
000 -LEADER
fixed length control field 00663nam a22002297a 4500
001 - CONTROL NUMBER
JCCL Control Number 6466
003 - CONTROL NUMBER IDENTIFIER
JCCL marc code BD-JhCC
005 - DATE AND TIME OF LATEST TRANSACTION
control field 20180127103742.0
008 - FIXED-LENGTH DATA ELEMENTS--GENERAL INFORMATION
fixed length control field 180123s1958 -uk |||| |||| 00| 0 eng d
035 ## - SYSTEM CONTROL NUMBER
system control number (BD-JhCC)6466
040 ## - CATALOGING SOURCE
Original cataloging agency BD-JhCC
Modifying agency BD-JhCC
041 ## - LANGUAGE CODE
Language code of Book eng
082 ## - DEWEY DECIMAL CLASSIFICATION NUMBER
Classification number 822.33
Author mark and Year SHA 1958
100 ## - MAIN ENTRY--PERSONAL NAME
Personal name Shakespeare, WIlliam
245 ## - TITLE STATEMENT
Title The New Clarendon Shakespeare Henry V /
Statement of responsibility, etc WIlliam Shakespeare edited by Ronald F. W. Fletcher
260 ## - PUBLICATION, DISTRIBUTION, ETC. (IMPRINT)
Place of publication, distribution, etc London :
Name of publisher, distributor, etc Clarendon Press,
Date of publication, distribution, etc 1958.
300 ## - PHYSICAL DESCRIPTION
Pagination 192 p. :
Dimensions 19 cm.
600 ## - SUBJECT ADDED ENTRY--PERSONAL NAME
Personal name Henry V
Titles and other words associated with a name King of England
Dates associated with a name 1387-1422
650 ## - SUBJECT ADDED ENTRY--TOPICAL TERM
Topical term or geographic name as entry element English Orama
700 ## - ADDED ENTRY--PERSONAL NAME
Personal name Ronald F. W. Fletcher
942 ## - ADDED ENTRY ELEMENTS (KOHA)
Source of classification or shelving scheme Dewey Decimal Classification
Koha item type Books
Holdings
Source of classification or shelving scheme Damaged status Not for loan Home library Current library Shelving location Date of accession Total Checkouts Full call number Barcode Date last seen Copy number Koha item type
Dewey Decimal Classification     JCC Rouf Library JCC Rouf Library General Stacks 01/23/2018   822.33 SHA 1958 8736 01/23/2018 C-1 Books

JCC Library | Contacts | JCC Home

Last Update on 23 September 2017
Copyright @ 2017-2020 JCC Rouf Library
Rouf Library, Jhenidah Cadet College (JCC), Bangladesh